000 03679nab a22007817 4500
003 AR-RoUNA
022 _a0327-9022
040 _aAR-RoUNA
_bspa
041 _aspa
044 _aag
245 _aSumma+ /
_bArquitecturas del Desierto
260 _aBuenos Aires ,
_c1993
300 _a128 p. :
_bil. byn.
_bplanos
_c34 X25 cm.
505 0 _tINDICE
505 0 _aHABITAR LO INHABITABLE
505 0 _tRECORTES EN EL CIELO
505 0 _aMatias Zegers / Casa Miador, Casablanca, Chile, 2012. p. 7
505 0 _tENTERRADO EN LUZ
505 0 _aLonghi Arqs. / Casa Pachacamac, Lima, Perú, 2009. p. 12
505 0 _tCÚBICO COMPACTO
505 0 _aChristian Beals V / Casa Tunquen, Región de Valparaíso, Chile, 2009. p. 18
505 0 _tDEJAR ENTRAR EL DESIERTO
505 0 _aMarmol Radziner / The Desert House, California, Estados Unidos, 2005. p. 24
505 0 _tLA FRONTERA ENTRE LO SALVAJE Y LO DOMÉSTICO
505 0 _tOlson Kundig Arqs. / Dutpost, Bellevue, Idaho, 2009. p. 28
505 0 _tUN CONCIERTO DE MADERAS
505 0 _aLori Ryker y Brett Nave / Outside - in house, Montana, Estados Unidos, 2005. p. 32
505 0 _tPLAN MAESTRO DEL OASIS CULTURAL DE AL AIN
505 0 _aMachado and Silvetti assc (Master Plan Conceptual). p. 36
505 0 _tARRAIGO ANCESTRAL
505 0 _aClaudio Uccelli / Museo Cao, Trujillo, Perú, 2009. p. 44
505 0 _tFACTORES AMBIENTALES
505 0 _aEliana Bórmida y Mario Yanzón arqs. / Bodega Atamisque en San José y Capilla de la gratitud en Tunuyán, Mendoza, Argentina, 2008. p. 50
505 0 _aCapilla de la gratitud (Espacio Salentein), Mendoza, Argentina, 2004. p. 54
505 0 _tCOMPÁS TOPOGRÁFICO
505 0 _aCoz, Polidura y Volante arqs. / Museo del Desierto de Atacama, Segunda Región, Chile, 2009. p. 59
505 0 _aJorge Hampton / El alma del desierto. p. 62
505 0 _aLaura Novik y Alex Blanch / En el extremo del planeta. p. 68
505 0 _aRodrigoKommers Wender / Hasta el fin del mundo. p. 73
505 0 _aEstúdio 41 / Estación Antártica Comandante Ferraz. p. 74
505 0 _aHugh Broughton arqs. / Estación de Investigación Antártica Halley VI. p. 79
505 0 _aBDF arq. / Bharati, Base de investigación India, Antártida, 2013. p. 88
505 0 _tTRANSPARENCIAS Y REFLEJOS
505 0 _aKazuyo Sejima + Ryue Nishizawa - Sanaa / Museo del Louvre-Lens, por Alejandro Lapunzina. p. 92
505 0 _aFernando Diez / Alfonso Corona Martínez (1935-2013). p. 106
505 0 _aJuan Mario Molina y Vedia / Adiós, Alfonso. p. 108
505 0 _tPROYECTOS DE LA BUENA MEMORIA, Bienal de Venecia, Italia, 2012
505 0 _tCON SU PÁLIDA ARIDEZ
505 0 _tHEREDAR EL OASIS
505 0 _aMercedes Peralta / Súper - Habitabilidad del desierto: herramientas proyectuales en la era del cambio climático y otros juguetes. p. 118
505 0 _aRafael E.J. Iglesia / Para una historia del diseño gráfico. p. 120
505 0 _aRuth Verde Zein / Kobhv - 8hus - Mzn - Big - Crda. p. 122
505 0 _aIgnacio Ros de Olano / Punta Ballena en papel. p. 124
505 0 _aLocuras & Caprichos / Roberto Fernández. p. 125
505 0 _aMario Sabugo / Bouvard y Pécuchet. p. 126
505 0 _aAna Luiza Nobre / Río Boom. p. 128
600 1 4 _2Sanaa
650 _aArquitectura contemporánea
653 _aHABITAR
653 _aCOBIJAR
653 _aEXPLORAR
653 _aBASES ANTÁRTICAS
773 0 _aSumma+
_dBuenos Aires, Argentina
_gNº132 ( oct-2013), p. 128
_x0327-9022
908 _aImp
942 _2udc
_cART
945 _aMBP
_d2022-07-08
980 _85
_gMaría Machado
_6138
_aCarolina Rainero
999 _c12278
_d12278